书目信息 |
| 题名: |
现代汉语虚词使用常识
|
|
| 作者: | 贾双虎 编 | |
| 分册: | ||
| 出版信息: | 北京 北京出版社 1983 |
|
| 页数: | 1111页 | |
| 开本: | 19cm | |
| 丛书名: | 语文小丛书 | |
| 单 册: | ||
| 中图分类: | H146.2 | |
| 科图分类: | ||
| 主题词: | 汉语-虚词--基本知识 , 虚词-汉语--基本知识 | |
| 电子资源: | ||
| ISBN: | ||
| 000 | 00751nam2 2200277 45 | |
| 001 | 0183011305 | |
| 005 | 20040425125844.2 | |
| 010 | @dCNY0.34 | |
| 091 | @a9071.105 | |
| 100 | @a19950405d1983 emky0chiy0121 ea | |
| 101 | 0 | @achi |
| 102 | @aCN@b110000 | |
| 105 | @ay z 000yy | |
| 106 | @ar | |
| 200 | 10 | @a现代汉语虚词使用常识@Axian dai han yu xu ci shi yong chang shi@f贾双虎编 |
| 210 | @a北京@c北京出版社@d1983 | |
| 215 | @a1111页@d19cm | |
| 225 | 2 | @a语文小丛书 |
| 410 | 0 | @120010@a语文小丛书 |
| 606 | @a汉语-虚词@x基本知识 | |
| 606 | @a虚词-汉语@x基本知识 | |
| 690 | @aH146.2@v3 | |
| 701 | 0 | @a贾双虎@Ajia shuang hu@4编 |
| 801 | 0 | @aCN@b上海图书馆@c20040425 |
| 801 | 2 | @aCN@bNLC@c20040425 |
| 905 | @f4@b200263-266@dH146.2@e118 | |
| 现代汉语虚词使用常识/贾双虎编.-北京:北京出版社,1983 |
| 1111页;19cm.-(语文小丛书) |
| ISBN :CNY0.34 |
| ● |
| 相关链接 |
|
|
|
|
正题名:现代汉语虚词使用常识
索取号:H146.2/118
 
预约/预借
| 序号 | 登录号 | 条形码 | 馆藏地/架位号 | 状态 | 备注 |
| 1 | 0200263 | 000860893 | 密集书库/ [索取号:H146.2/118] | 在馆 | |
| 2 | 0200264 | 000861099 | 第四借阅区/ [索取号:H146.2/118] | 在馆 | |
| 3 | 0200265 | 000861053 | 密集书库/ [索取号:H146.2/118] | 在馆 | |
| 4 | 0200266 | 000860857 | 密集书库/ [索取号:H146.2/118] | 在馆 | |
| 5 | 0200267 | 000860937 | 第二样本阅览室/ [索取号:H146.2/118] | 在馆 |